| Tag |
First Indicator |
Second Indicator |
Subfields |
| LEADER |
00000cam a22000008i 4500 |
| 001 |
in00004350024 |
| 008 |
200325s2020 onca 001 0ceng |
| 005 |
20250318223638.6 |
| 020 |
|
|
|a 9780228102809
|
| 020 |
|
|
|a 0228102804
|q (hardcover)
|
| 035 |
|
|
|a (OCoLC)on1145897666
|
| 035 |
|
|
|a (OCoLC)1145897666
|
| 040 |
|
|
|a NLC
|b eng
|e rda
|c YDX
|d NLC
|
| 042 |
|
|
|a lac
|
| 043 |
|
|
|a n-us---
|
| 055 |
|
0 |
|a GV939.A1
|b J64 2020
|
| 082 |
0 |
|
|a 796.332092/2
|2 23
|
| 084 |
|
|
|a cci1icc
|2 lacc
|
| 100 |
1 |
|
|a Johnson, George,
|d 1957-
|e author.
|
| 245 |
1 |
0 |
|a NFL heroes :
|b the 100 greatest players of all time /
|c George Johnson & Allan Maki.
|
| 246 |
3 |
|
|a National Football League heroes :
|b the 100 greatest players of all time
|
| 246 |
3 |
0 |
|a 100 greatest players of all time
|
| 263 |
|
|
|a 202009
|
| 264 |
|
1 |
|a Richmond Hill, Ontario :
|b Firefly Books,
|c 2020.
|
| 300 |
|
|
|a pages cm
|
| 336 |
|
|
|a text
|b txt
|2 rdacontent
|
| 337 |
|
|
|a unmediated
|b n
|2 rdamedia
|
| 338 |
|
|
|a volume
|b nc
|2 rdacarrier
|
| 500 |
|
|
|a Includes index.
|
| 520 |
|
|
|a "Over a century after the formation of the American Professional Football Conference, the precursor to the National Football League, pro football continues to excite and captivate millions of fans across the globe. At the core of the NFL is its legendary players -- the incredible athletes who have thrown, caught, run, tackled and kicked their way into the annals of sports history. NFL Heroes presents the best of the best in pro football. From the pioneers, to the current stars, to the all-time legends that occupy the Hall of Fame in Canton, Ohio, they're all here. Featuring 100 riveting stories and over 120 photos of the game's best, NFL Heroes is a must-read for any fan of America's favorite sport."--
|c Provided by publisher.
|
| 610 |
2 |
0 |
|a National Football League.
|
| 650 |
|
0 |
|a Football players
|z United States
|v Biography.
|
| 650 |
|
0 |
|a Football
|z United States.
|
| 655 |
|
7 |
|a Biographies.
|2 lcgft
|
| 700 |
1 |
|
|a Maki, Allan,
|e author.
|
| 852 |
8 |
|
|b pda,print
|z This title is available for the library to purchase for your use. Click the "Purchase It For Me" button to place a request. This item may take 5-10 business days to arrive.
|
| 955 |
|
|
|a Print PDA title
|
| 961 |
|
|
|m 565730
|
| 999 |
f |
f |
|s 3d7c1b36-b863-40bf-961b-904d6d5e04d3
|i b7e67447-bb1b-3e8c-9ece-cc1afcdc6695
|t 0
|
| 952 |
f |
f |
|a Texas A&M University
|b College Station
|c Sterling C. Evans Library
|d Purchase on Demand
|t 0
|h Library of Congress classification
|
| 998 |
f |
f |
|t 0
|l Purchase on Demand
|